| 000 | 00603cam a22002292 4500 | ||
|---|---|---|---|
| 999 |
_c1544 _d1544 |
||
| 001 | 0000020941 | ||
| 003 | OSt | ||
| 005 | 20170526112240.0 | ||
| 008 | 120103s xx 000 0 eng d | ||
| 020 | _a0199568421 : | ||
| 040 |
_aKABU _cKABU |
||
| 100 | 1 | _aLipsey, Richard. | |
| 245 | 1 | 0 |
_aEconomics / _cRichard Lipsey, Alec Chrystal. |
| 250 | _a11th ed. | ||
| 260 |
_aOxford : _bOxford University Press, _c2007. |
||
| 300 | _axxii, 665 p. | ||
| 650 | 0 | _aEconomics. | |
| 700 | 1 | _aChrystal, Alec. | |
| 908 | _a120103 | ||
| 942 |
_2lcc _cBK |
||